Историческiй вестникъ. Т. 53: Миры Христианского Востока (Запись № 13515995)
[ простой вид ]
| 000 -МАРКЕР | |
|---|---|
| контрольное поле | 00876nam2a2200241 4500 |
| 001 - ИДЕНТИФИКАТОР ЗАПИСИ | |
| контрольное поле | RU\NLR\PER_A\010252240_000910 |
| 005 - ИДЕНТИФИКАТОР ВЕРСИИ | |
| контрольное поле | 20260118052441.0 |
| 035 ## - ДРУГИЕ СИСТЕМНЫЕ НОМЕРА | |
| Идентификатор записи | (NLR Aleph) 022700687 |
| 100 ## - ДАННЫЕ ОБЩЕЙ ОБРАБОТКИ | |
| Данные общей обработки | 20260114d2025 u y0rusy50 ca |
| 101 0# - ЯЗЫК РЕСУРСА | |
| Язык текста, звукозаписи и т.д. | русский |
| 102 ## - СТРАНА ПУБЛИКАЦИИ ИЛИ ПРОИЗВОДСТВА | |
| Страна публикации | Российская Федерация |
| 200 1# - ЗАГЛАВИЕ И СВЕДЕНИЯ ОБ ОТВЕТСТВЕННОСТИ | |
| Основное заглавие | Миры Христианского Востока |
| 210 ## - ПУБЛИКАЦИЯ, РАСПРОСТРАНЕНИЕ И ДР. | |
| Дата издания, распространения и т.д. | 2025 |
| 461 #0 - УРОВЕНЬ НАБОРА | |
| Встроенное поле | 001RU\NLR\Per\1013612 |
| -- | 2001#$aИсторическiй вестникъ$vТ. 53 |
| Системный номер (АБИС) связанной записи | 10428585 |
| Место публикации | Москва |
| Дата публикации | 2012 - |
| Имя издателя, распространителя и т.д. | [б. и.] |
| Заглавие | Историческiй вестникъ |
| ISSN | 2306-4978 |
| Номер тома | Т. 53 |
| 606 1# - НАИМЕНОВАНИЕ ТЕМЫ КАК ПРЕДМЕТ | |
| Наименование темы | Христианство |
| Формальный подзаголовок | Сборники |
| Тематический подзаголовок | История |
| Географический подзаголовок | Страны Востока |
| Системный номер авторитетной/нормативной записи | 2106536 |
| Идентификатор авторитетной/нормативной записи | RU\NLR\AUTH\661273463 |
| 686 2# - ИНДЕКСЫ ДРУГИХ КЛАССИФИКАЦИЙ | |
| Индекс | Э37-39(5)я43 |
| 852 ## - МЕСТОНАХОЖДЕНИЕ И ШИФР ХРАНЕНИЯ | |
| Идентификатор организации | NLR |
| Шифр хранения (Call Number) | П23/8761 |
| 942 ## - ДОПОЛНИТЕЛЬНЫЕ ЭЛЕМЕНТЫ ЗАПИСИ (АБИС) | |
| Тип экземпляра АБИС | Выпуск |
| 980 ## - КОЛЛЕКЦИЯ | |
| Название коллекции | Русская периодика |
| 980 ## - КОЛЛЕКЦИЯ | |
| Название коллекции | Национальная библиография |
Нет доступных экземпляров.